Therapeutic Management of Incontinence and Pelvic pain: pelvic organ disorders (Record no. 5323)

MARC details
000 -LEADER
fixed length control field 00649nam a22002177a 4500
003 - CONTROL NUMBER IDENTIFIER
control field OSt
005 - DATE AND TIME OF LATEST TRANSACTION
control field 20161007150028.0
008 - FIXED-LENGTH DATA ELEMENTS--GENERAL INFORMATION
fixed length control field 161007b xxu||||| |||| 00| 0 eng d
020 ## - INTERNATIONAL STANDARD BOOK NUMBER
International Standard Book Number 9781846286612
040 ## - CATALOGING SOURCE
Transcribing agency DMLN
082 ## - DEWEY DECIMAL CLASSIFICATION NUMBER
Classification number QV38 T34j 2008
100 ## - MAIN ENTRY--PERSONAL NAME
Personal name Editors Laycock, Jo; Haslam, Jeanette.
9 (RLIN) 11158
245 ## - TITLE STATEMENT
Title Therapeutic Management of Incontinence and Pelvic pain: pelvic organ disorders
250 ## - EDITION STATEMENT
Edition statement 2nd ed.
260 ## - PUBLICATION, DISTRIBUTION, ETC. (IMPRINT)
Place of publication, distribution, etc. UK; Springer-Verlag, 2008
300 ## - PHYSICAL DESCRIPTION
Extent xxiii,301p; ill:25cm
504 ## - BIBLIOGRAPHY, ETC. NOTE
Bibliography, etc Appendices, & index included
650 ## - SUBJECT ADDED ENTRY--TOPICAL TERM
Topical term or geographic name as entry element Therepeutical management
9 (RLIN) 11160
650 ## - SUBJECT ADDED ENTRY--TOPICAL TERM
Topical term or geographic name as entry element Pelvic pain
9 (RLIN) 11161
942 ## - ADDED ENTRY ELEMENTS (KOHA)
Source of classification or shelving scheme Other/Generic Classification Scheme
Koha item type Open Shelf
Holdings
Withdrawn status Lost status Source of classification or shelving scheme Damaged status Not for loan Home library Current library Date acquired Source of acquisition Inventory number Total Checkouts Full call number Barcode Date last seen Koha item type
    Other/Generic Classification Scheme     MUST Main Library MUST Main Library 07/10/2016   16/39998   QV38 T34j 2008 2016-4661 07/10/2016 Open Shelf
    Other/Generic Classification Scheme     MUST Main Library MUST Main Library 07/10/2016   16/39999   QV38 T34j 2008 2016-4662 07/10/2016 Open Shelf
    Other/Generic Classification Scheme     MUST Main Library MUST Main Library 07/10/2016   16/40000   QV38 T34j 2008 2016-4663 07/10/2016 Open Shelf
    Other/Generic Classification Scheme     MUST Main Library MUST Main Library 07/10/2016   16/40001   QV38 T34j 2008 2016-4664 07/10/2016 Open Shelf
    Other/Generic Classification Scheme     MUST Main Library MUST Main Library 20/10/2016   14/38122   QV38 T34j 2008 2016-4857 20/10/2016 Open Shelf
    Other/Generic Classification Scheme     MUST Main Library MUST Main Library 20/10/2016   14/38123   QV38 T34j 2008 2016-4858 20/10/2016 Open Shelf
    Other/Generic Classification Scheme     MUST Main Library MUST Main Library 28/08/2018   17/40619   QV38 T34j 2008 2018-0289 28/08/2018 Open Shelf